Logo BPK

Biblioteka

Politechniki Koszalińskiej

Michael Kohlhaas : (Rekord nr 45950)

Szczegóły MARC
000 -ETYKIETA REKORDU
podpole kontrolne o stałej długości 00805nam a2200229 i 4500
001 - NUMER KONTROLNY REKORDU
pole kontrolne bg
020 ## - MIĘDZYNARODOWY ZNORMALIZOWANY NUMER KSIĄŻKI - ISBN
ISBN 3150002184
040 ## - ŹRÓDŁO KATALOGOWANIA
Instytucja, która utworzyła rekord BPK
041 0# - KOD JĘZYKA
Kod języka tekstu ger
080 ## - UNIWERSALNA KLASYFIKACJA DZIESIĘTNA - UKD
UKD 821.112.2-3
920 ## - Międzynarodowy znormalizowany numer książki – ISBN
ISBN 3-15-000218-4
008 - POLE O STAŁEJ DŁUGOŚCI - DANE KONTROLNE
podpole kontrolne o stałej długości s pl f |000 0 pol
100 1# - NAZWA OSOBOWA
Nazwa osobowa KLEIST, Heinrich von
Daty związane z nazwą (1777-1811)
245 10 - TYTUŁ/ODPOWIEDZIALNOŚĆ
Tytuł Michael Kohlhaas :
Ciąg dalszy tytułu aus einer alten Chronik /
Pozostałe elementy strefy tytułu i oznaczenia odpowiedzialności Heinrich von Kleist ; Anm. von Bernd Hamacher, Nachw. Paul Michael Lützeler.
260 ## - STREFA ADRESU WYDAWNICZEGO
Miejsce wydania Stuttgart :
Nazwa wydawcy/dystrybutora Philipp Reclam,
Data publikacji, dystrybucji/powstania dokumentu 2004.
300 ## - STREFA OPISU FIZYCZNEGO
Objętość 135 s. :
Inne cechy fizyczne 1 mapa ;
Rozmiary 15 cm.
490 1# - STREFA SERII I DOKUMENTU WIELOCZĘŚCIOWEGO - FORMA NIE DO WYSZUKIWANIA
Tytuł i oznaczenie odpowiedzialności serii Universal-Bibliothek ;
Numeracja w obrębie serii Nr 218
650 #9 - HASŁO PRZEDMIOTOWE W FORMIE NAZWY OGÓLNEJ LUB JEDNOSTKOWEJ
Nazwa ogólna lub geograficzna Opowiadanie niemieckie
Określnik chronologiczny 19 w.
830 ## - HASŁO DODATKOWE SERII LUB DOKUMENTU WIELOCZĘŚCIOWEGO - TYTUŁ UJEDNOLICONY
Tytuł ujednolicony Universal-Bibliothek ;
856 ## - LOKALIZACJA I DOSTĘP DO ELEKTRONICZNYCH DOKUMENTÓW ZDALNYCH
Link (URL) http://koha.tu.koszalin.pl/cgi-bin/koha/opac-detail.pl?biblionumber=45950
Tekst linku Katalog online BPK
942 ## - DODATKOWE ELEMENTY (KOHA)
Typ dokumentu Książka
Egzemplarze
Wycofany Status egzemplarza Uszkodzony Dostępność Lokalizacja stała Lokalizacja bieżąca Miejsce przechowywania Sygnatura Kod kreskowy Typ dokumentu
      Dostępny Biblioteka Politechniki Koszalińskiej Biblioteka Politechniki Koszalińskiej Wypożyczalnia BG 75335 02256429 Książka
      Dostępny Biblioteka Politechniki Koszalińskiej Biblioteka Politechniki Koszalińskiej Wypożyczalnia BG 75336 02256412 Książka
      Dostępny Biblioteka Politechniki Koszalińskiej Biblioteka Politechniki Koszalińskiej Wypożyczalnia BG 75337 02256405 Książka
© 2023 Biblioteka Politechniki Koszalińskiej :: KOHA